000 00466nam a22001457a 4500
020 _a978-9693533217
082 _a891.439
_bKHA
245 _aUrdu aur Hindi: Wahdat/Sanviat /
_bBy: Dr. Muhammad Khawar Nawazish
260 _aلاہور:
_bسنگِ میل پبلیکیشنز,
_c2020
300 _a480P.;
563 _aHB
880 _6100-01\r
_aڈاکٹر خاور نوازش
880 _6245-02\r
_aاردو اور ہندی وحدت ثنویت
942 _2ddc
_cBK
999 _c613190
_d613190